Statistiques concernant Les 20 plus grandes villes roumaines

Cliquez ici pour prendre le quiz!

Statistiques générales

  • Ce quiz a été pris 83 fois
  • Le résultat moyen est 8 sur 20

Statistiques - réponses

IndiceRéponse% Correct
1 883 425Bucarest
100%
324 576Cluj-Napoca
88%
283 872Constanța
68%
290 422Iași
60%
269 506Craiova
51%
253 200Brașov
49%
147 245Sibiu
42%
209 945Ploiești
39%
159 074Arad
36%
196 367Oradea
36%
249 432Galați
31%
134 290Târgu Mureș
31%
144 307Bacău
28%
102 411Satu Mare
28%
123 738Baia Mare
24%
155 383Pitești
24%
180 302Brăila
18%
115 494Buzău
15%
106 847Botoșani
10%
319 279Timișora
6%

Distribution des résultats

Percentile par nombre de réponses

% des personnes avec chaque résultat

Votre développement - résultats

Vous n’avez pas pris ce quiz